| 000 | 00371nam a22001337a 4500 | ||
|---|---|---|---|
| 020 | _a0801824133 | ||
| 082 |
_a338.4 _bAUS _cD |
||
| 245 |
_aAgroindustrial project analysis _cAustin, James E. |
||
| 260 |
_aWashington _bThe world bank _c1981 |
||
| 300 |
_aix, 213 p. : _bill, _c20 cm. |
||
| 526 |
_a0 _b0 _c0 _d338_400000000000000_AUS |
||
| 650 |
_aMCE _9379 |
||
| 942 |
_2ddc _cBK |
||
| 999 |
_c542106 _d542106 |
||